LDR 00653naa#a2200181#i#450# 001 EN\\bibl\126629 005 20260703143246.5 011 ## _a2587-6740 100 ## _a20260615b2026####ek#y0engy0150####ca 102 ## _aRU 200 1# _aFormation of a mechanism for complex territory development taking into account resource potential _eJournal article 210 1# _aMoscow _cElectronic science _d2026 215 ## _a3 с. 608 ## _aJournal article _2local 675 ## _aРегиональная экономика. Территориальная экономика. 332.1 _z 700 #1 _aSemenov _gDmitry Mihaylovich 700 #1 _aPetrov _gAlexander Alekseevich 856 4# _aqje.su _u